00673nam a22001817a 450000500170000001000150001702000260003203500130005803700130007110000390008424500880012326000310021127000790024230000410032149000610036250000500042370000180047320130620114717.0 aENG-107519 a9780415812528c995.00 aEN-91052 bDBAD/PUB aSaglio-Yatzimirsky, Marie-Caroline aDharavi :cby Marie-Caroline Saglio-Yatzimirskybfrom mega-slum to urban paradigm / aNew DelhibRoutledgec2013 a912, Tolstoy House, 15-17 Tolstoy Marg, Connaught PlacebNew Delhie110001 axviii,379p. :c23cm(Hb)bcol. photos aCities and the urban imperative ; edited by Sujata Patel aIncludes bibliographical references and index aPatel, Sujata